000 00294 a2200133 4500
001 48896
040 _cAnchieta - Bela Vista
100 _a JONAR, Brasileiro
240 1 0 _aPoesia da paz
_lpor
245 1 0 _aPoesia da paz
362 0 _a2003
650 4 _aLiteratura infanto-juvenil
942 _cBK
999 _c48896
_d48896